| 000 | 00439nam a2200169Ia 4500 | ||
|---|---|---|---|
| 005 | 20250305005921.0 | ||
| 008 | 240331s9999 xx 000 0 und d | ||
| 082 |
_bMAT _26402 _a923 |
||
| 245 | 0 | _aMattakkalapu Thamizhagathil Induppanpadu | |
| 260 |
_aBatticaloa _b2nd World Hindu Conference _c2003 |
||
| 300 | _axix, 229 p., | ||
| 650 | _aHinduism | ||
| 650 | _aTamil | ||
| 650 | _aLiterature | ||
| 700 |
_aMounaguru, S _eedt |
||
| 942 | _cL | ||
| 999 |
_c4683 _d4683 |
||